Quizzes
Events
Quiz Creation
Community
Videos
Private Events
Remove Ads
Sign In
Join for FREE
Feedback
Dark Mode
Quiz Categories
Sports
Geography
Music
Movies
Television
Just For Fun
Miscellaneous
History
Literature
Language
Science
Gaming
Entertainment
Religion
Holiday
For Kids
Quiz Lab
Recent
Popular Today
Quiz Kudos Today
Editor Picks
Curator Picks
Quizzes by...
Day
Popularity
Type
Ratings
Length
Year
Community
Subscriptions
Recent Discussions
Orange Saloon
Badges
Playlists
Quests
Create
Leaderboards
Showdown
Live 5
Trivia Bingo
Activity
Puzzle Library
Sporcle Events
Private Events
Virtual Trivia
Globe League
Become a Host
Pub Owners
SporcleCon
Opinionation
Our Games
Videos
Blog
Mobile Apps
Partnerships
Remove Ads and Go Orange
Feedback
Entertainment
Celebrity
Famous
Musical
Broadway
Show
Quote
Comic Books
Anime
Superhero
DC Comics
Marvel
Cartoons
Animation
Entertainment
Celebrity
Famous
Musical
Broadway
Show
Quote
Comic Books
Anime
Superhero
DC Comics
Marvel
Cartoons
Animation
Random Quiz
Search Sporcle
×
Quiz Lab
Quiz Lab
Entertainment
Celebrity
Type answers based on single images at one time
Type answers based on single images at one time
Slideshow
Best Score? Go Orange.
27 'Q', 'L', and 'H' Celebrities Stats
Can you name the famous people whose surnames start with 'Q', 'L', or 'H'?
By
qlh27
7m
27 Questions
197 Plays
197 Plays
197 Plays
Comments
Comments
Give Quiz Kudos
Give Quiz Kudos
-
- Ratings
hide this ad
More Info
Replay
Link that replays current quiz
Next Quiz
Link to next quiz in quiz playlist
You Got
0%
They Got
Avg Score
66%
Avg Friend Score
Upgrade to see
Score Distribution
Jump to the score distribution portion of the page
Score
0/27
Timer
07:00
0
Plays Today
% Correct
Jennifer Lopez
98%
John Lennon
94.4%
Tom Hanks
92.4%
Whitney Houston
91.4%
David Hasselhoff
89.8%
Matt LeBlanc
82.2%
David Letterman
82.2%
Dustin Hoffman
81.7%
Goldie Hawn
81.7%
Eva Longoria
79.7%
Dennis Quaid
79.2%
Angela Lansbury
77.2%
Salma Hayek
75.1%
Zachary Quinto
68%
% Correct
Julia Louis-Dreyfus
67%
Katharine Hepburn
66.5%
Nathan Lane
60.9%
Dan Quayle
57.4%
Jessica Lange
54.3%
Randy Quaid
50.8%
Anthony Quinn
50.8%
Colin Quinn
45.7%
Felicity Huffman
44.7%
Maggie Q
39.6%
Questlove
38.6%
Suzi Quatro
27.9%
Merle Haggard
19.8%
Quiz Playlist
Details
Report
Send in Message
Add To Playlist
More Info:
*Famous person goes by one name
Slideshow:
Type answers based on single images at one time
Last Updated: Feb 16, 2017
Quiz Scoreboard
CHALLENGE
Sign Up to Join the Scoreboard
Show All
Scores
Hide
Comments
May contain spoilers
Recently Published
One Thing in Common: World Cities II
by knightlancer
Geography
7m
Popular People in 1961
by mucciniale
History
6m
1-10 Letter E Words III
by El_Dandy
Language
2m
More to Explore
Quiz From the Vault
Featured Blog Post
Where Did the Easter Bunny Come From?
hide this ad
You Might Also Like...
Tags
Celebrity Quiz
Famous Quiz
start
Surname
Today's Top Quizzes in Entertainment
Browse Entertainment
hide this ad
Today's Top Quizzes in Celebrity
Browse Celebrity
Top Contributed Quizzes in Entertainment
1
Kamen Rider Motifs
2
Dragon Ball Z: Mega Character Search
3
Undead Unluck Minefield
4
Dragon Ball Z: Goku's Fights in Order
5
Survivor Winners Logic Quiz
6
Who Wants to Be a Millionaire: Anime Edition
7
10-to-1 Anime Arc Sorting Gallery
8
Criteria Quickie: Cartoon Taxonomy II
9
Ana Gasteyer or Kathryn Hahn?
10
One Piece 11-1
Explore More
Trending Topics
NBA
Disney
Anime
Crossword
Harry Potter
Kpop
Marvel
The Office
WWE
Song
Pokémon
NFL
Puzzle
Country
Soccer
hide this ad
More By:
qlh27
Quiz
Plays
Rating
Category
Featured
Created
Pixar Movies by Opening Scene
150,966
4.70
Movies
Dec 17, 2015
25 Years of Television Endings
105,357
4.49
Television
Apr 24, 2016
Same Named Celebrities by Picture
88,349
4.47
Entertainment
Dec 17, 2015
Click a Quentin Tarantino Film
85,712
4.60
Movies
Aug 28, 2017
Same Name as a Cartoon Character
69,558
4.58
Entertainment
Feb 17, 2016
Go to Creator's Profile
Score Distribution
Quiz Creator Spotlight
qlh27
Follow
Send a Message
Quizzes Created
-
Created Quiz Play Count
-
More By This Creator
Popular Quizzes Today
1
Find the US States - No Outlines Minefield
2
The Countries of the World
3
Popular People in 1961
4
Find the Countries of Europe - No Outlines Minefield
5
1-10 Letter E Words III
6
Find the US States
7
One Thing in Common: World Cities II
8
US States
More Entertainment Quizzes
Dragon Ball Z: Season 9 Scenes in Order
Quiz Lab
Trending Quizzes
1-10 Letter F Words
1-10 Letter G Words
Risky Map Clicking: Next State Alphabetically
1-10 Letter F Words II
Risky Map Clicking: States by Unique Starting Letters
Recently Updated
Leaping Animals
pecheneg
Reality TV Shows (A-Z)
bhenderson79
Rickey Henderson's Hall of Fame Teammates
pecheneg
Champions League XIs: Arsenal
pecheneg
Quick Pick: Celebrities in WWE's Hall of Fame
aduchscher
A-Z Keypad Blitz II
pecheneg
Multiple Oscar Actors
pecheneg
Mystery Phrase Blitz: Oscar 'Best Actors'
pecheneg
F. Scott Fitzgerald Novels
LTH
Pick 3 Villains
ddd62291
Trending Topics
Crossword
Kpop
Harry Potter
NBA
Disney
Anime
Marvel
Soccer
Song
The Office
NFL
Puzzle
Pokémon
WWE
Country
Your Account Isn't Verified!
In order to create a playlist on Sporcle, you need to verify the email address you used during registration. Go to your
Sporcle Settings
to finish the process.
Report this User
Report this user for behavior that violates our
Community Guidelines
.
Details:
Send Report
Go to the Sporcle.com Mobile Site →
Comments